[Event "Rowy op 09"]
[Site "Rowy"]
[Date "2012.09.??"]
[Round "9"]
[White "Krupecka Czarkowska, Danuta"]
[Black "Rafalski, Krzysztof"]
[Result "0-1"]
[WhiteElo "1364"]
[BlackElo "1667"]
[PlyCount "42"]
[EventDate "2012.09.??"]
[EventType "swiss"]
[EventRounds "9"]
[EventCountry "POL"]
[SourceTitle "EXT 2014"]
[Source "ChessBase"]
[SourceDate "2013.11.20"]
[SourceVersion "1"]
[SourceVersionDate "2013.11.20"]
[SourceQuality "1"]

1. e4 c5 2. d4 e6 3. Nf3 a6 4. Nc3 cxd4 5. Nxd4 Nf6 6. f3 Qc7 7. Be3 Bc5 8. Qd2 b5 9. a3 d6 10. 0-0-0 Nbd7 11. g4 Bb7 12. g5 Nh5 13. Bh3 Nf8 14. Bg4 g6 15. Bxh5 gxh5 16. h4 Ng6 17. f4 b4 18. axb4 Bxb4 19. f5 exf5 20. exf5 Bxh1 21. Rxh1 Ne5 0-1

[Event "Rowy op 09"]
[Site "Rowy"]
[Date "2012.09.??"]
[Round "2"]
[White "Rafalski, Krzysztof"]
[Black "Przybylak, Gabriela"]
[Result "1-0"]
[WhiteElo "1667"]
[BlackElo "1410"]
[PlyCount "49"]
[EventDate "2012.09.??"]
[EventType "swiss"]
[EventRounds "9"]
[EventCountry "POL"]
[SourceTitle "EXT 2014"]
[Source "ChessBase"]
[SourceDate "2013.11.20"]
[SourceVersion "1"]
[SourceVersionDate "2013.11.20"]
[SourceQuality "1"]

1. e4 c6 2. b4 e5 3. Ba3 Ne7 4. d4 d5 5. f3 Nd7 6. c3 b6 7. Bd3 Bb7 8. Ne2 Qc8 9. Nd2 a6 10. 0-0 Ng6 11. Bb2 Be7 12. Qb3 Qc7 13. c4 Nf4 14. dxe5 Bg5 15. Qc2 Nxe2+ 16. Bxe2 Be3+ 17. Kh1 Bg5 18. f4 Be7 19. a3 a5 20. c5 a4 21. f5 Nf8 22. cxb6 Qxb6 23. f6 Bd8 24. fxg7 Ng6 25. gxh8Q+ 1-0

[Event "Rowy op 09"]
[Site "Rowy"]
[Date "2012.09.??"]
[Round "1"]
[White "Staruch, Roman"]
[Black "Rafalski, Krzysztof"]
[Result "1-0"]
[WhiteElo "1957"]
[BlackElo "1667"]
[PlyCount "51"]
[EventDate "2012.09.??"]
[EventType "swiss"]
[EventRounds "9"]
[EventCountry "POL"]
[SourceTitle "EXT 2014"]
[Source "ChessBase"]
[SourceDate "2013.11.20"]
[SourceVersion "1"]
[SourceVersionDate "2013.11.20"]
[SourceQuality "1"]

1. e4 g6 2. d4 Bg7 3. Nc3 c6 4. f4 d6 5. Bc4 Nf6 6. Nf3 0-0 7. 0-0 d5 8. exd5 Nxd5 9. Ne5 f5 10. Qf3 e6 11. Be3 b5 12. Bb3 a5 13. a4 b4 14. Nxd5 cxd5 15. c4 bxc3 16. bxc3 Ba6 17. c4 Bxe5 18. fxe5 Kh8 19. Rfc1 f4 20. Bf2 Bb7 21. cxd5 Na6 22. Rc3 Qb6 23. Rac1 Nb4 24. Rc7 exd5 25. Qh3 h5 26. Qd7 1-0

[Event "London Classic op"]
[Site "London"]
[Date "2010.12.08"]
[Round "1"]
[White "Chapman, Terry PD"]
[Black "Rafalski, Krzysztof"]
[Result "1-0"]
[WhiteElo "2249"]
[BlackElo "1930"]
[PlyCount "57"]
[EventDate "2010.12.08"]
[EventType "swiss"]
[EventRounds "9"]
[EventCountry "ENG"]
[SourceTitle "CBM 139 Extra"]
[Source "ChessBase"]
[SourceDate "2011.01.05"]
[SourceVersion "1"]
[SourceVersionDate "2011.01.05"]
[SourceQuality "1"]

1. Nf3 Nf6 2. c4 c5 3. d4 e6 4. Nc3 d5 5. cxd5 cxd4 6. Qa4+ Bd7 7. Qxd4 Qa5 8. dxe6 fxe6 9. e3 Bc5 10. Qd1 0-0 11. Bd2 Qd8 12. Be2 Nc6 13. 0-0 a6 14. Ng5 Qc7 15. Nce4 Ba7 16. Qc2 g6 17. Rac1 Nxe4 18. Qxe4 Rae8 19. Qh4 Bc8 20. Ne4 Qf7 21. Bc3 e5 22. Bc4 Be6 23. Ng5 Qe7 24. Bxe6+ Kh8 25. Rcd1 Rd8 26. Rxd8 Rxd8 27. Nf7+ Kg7 28. Qxe7 Nxe7 29. Bxe5+ 1-0

[Event "Mazowiec-chT op"]
[Site "Mazowsze"]
[Date "2009.05.17"]
[Round "10"]
[White "Rafalski, Krzysztof"]
[Black "Kolinski, Kamil"]
[Result "0-1"]
[WhiteElo "1930"]
[BlackElo "1533"]
[PlyCount "50"]
[EventDate "2009.01.11"]
[EventType "team-tourn"]
[EventRounds "10"]
[EventCountry "POL"]
[SourceTitle "EXT 2013"]
[Source "ChessBase"]
[SourceDate "2012.11.22"]
[SourceVersion "1"]
[SourceVersionDate "2012.11.22"]
[SourceQuality "1"]

1. e4 c6 2. d4 d5 3. Nd2 dxe4 4. Nxe4 Bf5 5. Ng3 Bg6 6. N1e2 h6 7. Nf4 Bh7 8. Bc4 e6 9. 0-0 Nf6 10. Re1 Be7 11. b3 Nd5 12. Bxd5 cxd5 13. Qg4 0-0 14. Nfh5 Bg6 15. Rxe6 fxe6 16. Qxg6 Rf7 17. Bxh6 Bf8 18. Ne2 Nc6 19. Nef4 Qe7 20. Nh3 Qh4 21. Bg5 Qxd4 22. c3 Qe4 23. Qxe4 dxe4 24. Bf4 Rd8 25. g3 g6 0-1

[Event "Mazowiec-chT op"]
[Site "Mazowsze"]
[Date "2009.03.01"]
[Round "4"]
[White "Jaworski, Andrzej"]
[Black "Rafalski, Krzysztof"]
[Result "1-0"]
[WhiteElo "2056"]
[BlackElo "1930"]
[PlyCount "57"]
[EventDate "2009.01.11"]
[EventType "team-tourn"]
[EventRounds "10"]
[EventCountry "POL"]
[SourceTitle "EXT 2013"]
[Source "ChessBase"]
[SourceDate "2012.11.22"]
[SourceVersion "1"]
[SourceVersionDate "2012.11.22"]
[SourceQuality "1"]

1. e4 c5 2. Nf3 d6 3. d4 cxd4 4. Nxd4 Nf6 5. Nc3 g6 6. Be2 Bg7 7. Be3 0-0 8. Qd2 Nc6 9. 0-0 Bd7 10. h3 h5 11. Rad1 a6 12. f4 b5 13. Bf3 Qc7 14. a3 Rac8 15. Rf2 Na5 16. Be2 Nc4 17. Bxc4 Qxc4 18. e5 dxe5 19. fxe5 Nd5 20. Nxd5 Qxd5 21. Nf5 Qxe5 22. Nxg7 Bc6 23. Bd4 Qg3 24. Qh6 e5 25. Rd3 Qh4 26. Bxe5 Qe7 27. Bc3 f6 28. Nf5 gxf5 29. Rg3+ 1-0

[Event "Mazowiec-chT op"]
[Site "Mazowsze"]
[Date "2009.01.25"]
[Round "2"]
[White "Kosny, Marek"]
[Black "Rafalski, Krzysztof"]
[Result "1-0"]
[WhiteElo "2002"]
[BlackElo "1930"]
[PlyCount "100"]
[EventDate "2009.01.11"]
[EventType "team-tourn"]
[EventRounds "10"]
[EventCountry "POL"]
[SourceTitle "EXT 2013"]
[Source "ChessBase"]
[SourceDate "2012.11.22"]
[SourceVersion "1"]
[SourceVersionDate "2012.11.22"]
[SourceQuality "1"]

1. c4 g6 2. Nc3 Bg7 3. g3 d6 4. Bg2 e5 5. Nf3 f5 6. d4 e4 7. Ng5 h6 8. Nh3 g5 9. f3 Nf6 10. fxe4 fxe4 11. Nf2 Nc6 12. Nfxe4 0-0 13. e3 Nxe4 14. Nxe4 Qe7 15. Qe2 Bf5 16. Nc3 Rad8 17. Bd2 Nb4 18. 0-0 Bd3 19. Rxf8+ Rxf8 20. Qg4 Nc2 21. Nd5 Qf7 22. Rd1 c6 23. Nc3 Qf2+ 24. Kh1 Bf5 25. Qe2 Qxe2 26. Nxe2 Bg4 27. Rc1 Rf2 28. Rxc2 Rxe2 29. Bf1 Rf2 30. Kg1 Rf7 31. Bb4 Re7 32. Kf2 Rf7+ 33. Ke1 Rf3 34. Bd2 Rf8 35. b4 Bf5 36. Rb2 Be4 37. Bh3 Bd3 38. c5 d5 39. Bc1 Re8 40. Kd2 Be4 41. b5 Re7 42. bxc6 bxc6 43. Rb8+ Kh7 44. Rc8 Rf7 45. Ke1 Rb7 46. Rxc6 Rb1 47. Kd2 Rb4 48. Bf1 h5 49. Ra6 Rb7 50. a4 h4 1-0

[Event "Pardubice op-J"]
[Site "Pardubice"]
[Date "2006.07.19"]
[Round "6"]
[White "Galochkin, Sergei"]
[Black "Rafalski, Krzysztof"]
[Result "1-0"]
[WhiteElo "2015"]
[BlackElo "1550"]
[PlyCount "40"]
[EventDate "2006.07.14"]
[EventType "swiss"]
[EventRounds "7"]
[EventCountry "CZE"]
[SourceTitle "CBM 113 Extra"]
[Source "ChessBase"]
[SourceDate "2006.09.14"]
[SourceVersion "1"]
[SourceVersionDate "2006.09.14"]
[SourceQuality "1"]

1. Nf3 d5 2. d4 c5 3. c4 Nc6 4. cxd5 Qxd5 5. Nc3 Qd8 6. d5 Nb4 7. e4 a6 8. a3 Qa5 9. Bd2 Nc6 10. dxc6 bxc6 11. Bc4 Qc7 12. 0-0 Bg4 13. Bxf7+ Kd8 14. Bf4+ Qd7 15. Qb3 Kc8 16. Rad1 Qa7 17. Be6+ Bxe6 18. Qxe6+ Kb7 19. Rd7+ Kb6 20. Qb3+ Ka5 1-0

[Event "Mazowieckie-chT 0506"]
[Site "Poland"]
[Date "2006.01.29"]
[Round "8"]
[White "Rafalski, Krzysztof"]
[Black "Marczukiewicz, Jerzy"]
[Result "1-0"]
[WhiteElo "1990"]
[BlackElo "2017"]
[PlyCount "83"]
[EventDate "2005.10.09"]
[EventType "team-tourn"]
[EventRounds "9"]
[EventCountry "POL"]
[SourceTitle "EXT 2019"]
[Source "ChessBase"]
[SourceDate "2018.10.10"]
[SourceVersion "1"]
[SourceVersionDate "2018.10.10"]
[SourceQuality "1"]

1. e4 c5 2. Nf3 Nc6 3. d4 cxd4 4. Nxd4 e6 5. Nc3 Qc7 6. Be2 a6 7. 0-0 b5 8. Re1 Nf6 9. Nxc6 dxc6 10. e5 Nd5 11. Nxd5 exd5 12. a4 b4 13. Bd3 Be7 14. f4 c5 15. c4 bxc3 16. bxc3 g6 17. Qf3 Be6 18. g4 h5 19. h3 hxg4 20. hxg4 c4 21. Bc2 Bc5+ 22. Be3 Rd8 23. f5 gxf5 24. gxf5 Bxe3+ 25. Rxe3 Bc8 26. Rd1 Bb7 27. Rd4 a5 28. Qg4 Kd7 29. f6+ Kc6 30. Qg2 Kc5 31. Re1 Rhg8 32. Rg4 d4 33. Qg3 Rxg4 34. Qxg4 d3 35. Bd1 Qc6 36. Kf2 Qd5 37. Re3 d2 38. Qg3 Qh1 39. e6 Rd5 40. Qc7+ Bc6 41. Qa7+ Kd6 42. Qe7# 1-0

[Event "Mazowieckie-chT 0405"]
[Site "Poland"]
[Date "2004.11.07"]
[Round "3"]
[White "Kowalik, Pawel"]
[Black "Rafalski, Krzysztof"]
[Result "1/2-1/2"]
[WhiteElo "1800"]
[BlackElo "1990"]
[PlyCount "80"]
[EventDate "2004.10.03"]
[EventType "team-tourn"]
[EventRounds "10"]
[EventCountry "POL"]
[SourceTitle "EXT 2019"]
[Source "ChessBase"]
[SourceDate "2018.10.10"]
[SourceVersion "1"]
[SourceVersionDate "2018.10.10"]
[SourceQuality "1"]

1. c4 g6 2. Nc3 Bg7 3. d4 d6 4. Nf3 Nf6 5. g3 0-0 6. Bg2 Nbd7 7. 0-0 c5 8. b3 cxd4 9. Nxd4 Ne5 10. Bb2 Qb6 11. Rb1 Bd7 12. e3 Rac8 13. Qd2 a6 14. Nd5 Nxd5 15. Bxd5 Rc7 16. Rfc1 Rfc8 17. Bg2 Qc5 18. a3 Ng4 19. h3 Ne5 20. Nc2 Bc6 21. Bd4 Bxg2 22. Bxe5 Bxh3 23. Bxg7 Qc6 24. Ne1 Kxg7 25. Kh2 h5 26. f3 Be6 27. e4 h4 28. gxh4 Rh8 29. Ng2 Qc5 30. a4 Rcc8 31. Kg3 f5 32. Qe3 Qc7 33. Nf4 Bf7 34. Nd5 Bxd5 35. exd5 e5 36. Kh3 Qe7 37. Qf2 Rh5 38. Kg2 Rxh4 39. Rh1 Rch8 40. Rxh4 Rxh4 1/2-1/2

[Event "Warsaw-ch U20"]
[Site "Warsaw"]
[Date "2000.04.15"]
[Round "10"]
[White "Zimolzak, Piotr"]
[Black "Rafalski, Krzysztof"]
[Result "1-0"]
[WhiteElo "2000"]
[BlackElo "2041"]
[PlyCount "89"]
[EventDate "2000.04.07"]
[EventType "tourn"]
[EventRounds "11"]
[EventCountry "POL"]
[SourceTitle "EXT 2005"]
[Source "ChessBase"]
[SourceDate "2004.11.15"]
[SourceVersion "1"]
[SourceVersionDate "2004.11.15"]
[SourceQuality "1"]

1. d4 g6 2. g3 Bg7 3. Bg2 d6 4. e3 Nd7 5. Ne2 Ngf6 6. c4 0-0 7. 0-0 e5 8. Bd2 Re8 9. Bc3 e4 10. Nd2 c6 11. b4 Nf8 12. Rb1 Bf5 13. Qb3 h5 14. h4 Ne6 15. b5 Re7 16. bxc6 bxc6 17. Qa4 Qc8 18. Rfc1 g5 19. hxg5 Nxg5 20. Nf4 Nh3+ 21. Bxh3 Bxh3 22. d5 c5 23. Bxf6 Bxf6 24. Qc6 Qxc6 25. dxc6 Bg4 26. Nd5 Re6 27. Nc7 Rc8 28. Nxe6 fxe6 29. Nxe4 Be7 30. Rb7 Bd8 31. c7 Bxc7 32. Nf6+ Kg7 33. Nxg4 hxg4 34. Rxa7 Kg6 35. a4 Kf5 36. a5 Bd8 37. a6 Ke4 38. Rb7 Bf6 39. a7 Ra8 40. Rc2 Kd3 41. Ra2 Kxc4 42. Rb8 Rxa7 43. Rxa7 Kd3 44. Ra6 Be5 45. Rd8 1-0

[Event "Warsaw-ch U20"]
[Site "Warsaw"]
[Date "2000.04.07"]
[Round "1"]
[White "Bartel, Michal"]
[Black "Rafalski, Krzysztof"]
[Result "1/2-1/2"]
[WhiteElo "2029"]
[BlackElo "2041"]
[PlyCount "115"]
[EventDate "2000.04.07"]
[EventType "tourn"]
[EventRounds "11"]
[EventCountry "POL"]
[SourceTitle "EXT 2005"]
[Source "ChessBase"]
[SourceDate "2004.11.15"]
[SourceVersion "1"]
[SourceVersionDate "2004.11.15"]
[SourceQuality "1"]

1. e4 e5 2. Nf3 Nc6 3. Bb5 a6 4. Ba4 Nf6 5. 0-0 Be7 6. Re1 b5 7. Bb3 d6 8. c3 0-0 9. h3 Nd7 10. d4 Bf6 11. Be3 Na5 12. Bc2 Nc4 13. Bc1 Bb7 14. b3 Ncb6 15. Bb2 Re8 16. Nbd2 Rc8 17. Nf1 exd4 18. cxd4 c5 19. e5 Bxf3 20. Qxf3 dxe5 21. dxe5 Nxe5 22. Bxe5 Bxe5 23. Bxh7+ Kxh7 24. Qh5+ Kg8 25. Rxe5 g6 26. Qe2 Rxe5 27. Qxe5 c4 28. bxc4 Nxc4 29. Qf4 Qd3 30. Ng3 Re8 31. h4 Re5 32. Rc1 a5 33. a4 Qd2 34. Qxd2 Nxd2 35. axb5 Rxb5 36. Nf1 Rb1 37. Rxb1 Nxb1 38. Ne3 a4 39. Nc2 a3 40. Kf1 Kg7 41. Ke1 Kf6 42. Kd1 Kf5 43. Kc1 a2 44. Kb2 Kg4 45. Kxa2 Nc3+ 46. Kb3 Nd1 47. Kc4 Nxf2 48. Kd4 Kxh4 49. Ke5 Kg5 50. Nd4 f6+ 51. Ke6 Ne4 52. Kd5 Kf4 53. Ne6+ Ke3 54. Nf8 g5 55. Nh7 f5 56. Ke5 f4 57. Kf5 g4 58. Kxg4 1/2-1/2

[Event "Warsaw-ch U18"]
[Site "Warsaw"]
[Date "1999.04.17"]
[Round "2"]
[White "Lagowski, Patryk"]
[Black "Rafalski, Krzysztof"]
[Result "1-0"]
[WhiteElo "2091"]
[BlackElo "2095"]
[PlyCount "69"]
[EventDate "1999.04.16"]
[EventType "tourn"]
[EventRounds "11"]
[EventCountry "POL"]
[SourceTitle "EXT 2002"]
[Source "ChessBase"]
[SourceDate "2001.11.25"]
[SourceVersion "1"]
[SourceVersionDate "2001.11.25"]
[SourceQuality "1"]

1. d4 Nf6 2. c4 g6 3. Nc3 Bg7 4. e4 d6 5. f3 0-0 6. Be3 Nc6 7. Qd2 a6 8. Nge2 Rb8 9. Nc1 e5 10. d5 Ne7 11. b4 Nh5 12. Nb3 f5 13. 0-0-0 f4 14. Bf2 g5 15. Be2 Bd7 16. g4 fxg3 17. hxg3 Be8 18. Qxg5 h6 19. Qd2 Nf6 20. Be3 h5 21. Rdg1 Ng6 22. Bg5 Nh8 23. Kb2 Bg6 24. g4 hxg4 25. Rxg4 c6 26. Rg2 Bf7 27. Bh6 Bg6 28. Rhg1 Qe8 29. Be3 Nh5 30. c5 Nf4 31. Rh2 Bh5 32. Bc4 dxc5 33. d6+ Kh7 34. d7 Qd8 35. Bxf4 1-0

[Event "POL-chT2"]
[Site "Augustow"]
[Date "1997.??.??"]
[Round "?"]
[White "Klusowski, Marek"]
[Black "Rafalski, Krzysztof"]
[Result "1-0"]
[WhiteElo "1800"]
[BlackElo "1800"]
[PlyCount "48"]
[EventDate "1997.??.??"]
[EventType "team-tourn"]
[EventRounds "9"]
[EventCountry "POL"]
[SourceTitle "EXT 2003"]
[Source "ChessBase"]
[SourceDate "2002.11.25"]
[SourceVersion "1"]
[SourceVersionDate "2002.11.25"]
[SourceQuality "1"]

1. e4 c5 2. Nf3 Nc6 3. d4 cxd4 4. Nxd4 e5 5. Nb5 d6 6. N1c3 a6 7. Na3 b5 8. Nd5 Nf6 9. Bg5 Be7 10. Bxf6 Bxf6 11. Bxb5 axb5 12. Nxb5 0-0 13. Nxf6+ Qxf6 14. Qxd6 Qxd6 15. Nxd6 Nd4 16. 0-0 Nxc2 17. Nxc8 Rfxc8 18. Rac1 Rxa2 19. b4 Raa8 20. b5 Nd4 21. Rb1 Rab8 22. b6 Rc6 23. b7 Rc7 24. f4 f6 1-0

[Event "Augustow op U16"]
[Site "Augustow"]
[Date "1996.??.??"]
[Round "?"]
[White "Rafalski, Krzysztof"]
[Black "Schreiber, Lukasz"]
[Result "0-1"]
[WhiteElo "1800"]
[BlackElo "1800"]
[PlyCount "72"]
[EventDate "1996.??.??"]
[EventType "swiss"]
[EventRounds "9"]
[EventCountry "POL"]
[SourceTitle "EXT 2003"]
[Source "ChessBase"]
[SourceDate "2002.11.25"]
[SourceVersion "1"]
[SourceVersionDate "2002.11.25"]
[SourceQuality "1"]

1. e4 d5 2. exd5 Nf6 3. d4 Bg4 4. f3 Bf5 5. Bd3 Bxd3 6. Qxd3 Qxd5 7. c4 Qd7 8. Ne2 Nc6 9. 0-0 0-0-0 10. Be3 e6 11. Qc3 Bb4 12. Qc2 g5 13. a3 Bf8 14. b4 g4 15. f4 Ne7 16. Nbc3 Nf5 17. Bf2 g3 18. hxg3 Ng4 19. Rfd1 Nge3 20. Qb3 Nxd1 21. Rxd1 Bg7 22. b5 h5 23. Qa4 Kb8 24. Ne4 h4 25. g4 Ne7 26. Nc5 Qc8 27. Rc1 h3 28. d5 b6 29. Na6+ Ka8 30. c5 hxg2 31. Ng3 Nxd5 32. cxb6 Qb7 33. Rc6 cxb6 34. Bxb6 Nxb6 35. Nc7+ Qxc7 36. Rxc7 Nxa4 0-1